Normal view MARC view

Entry Personal Name

Number of records used in: 49

001 - CONTROL NUMBER

  • control field: 36476

003 - CONTROL NUMBER IDENTIFIER

  • control field: dpl

005 - DATE AND TIME OF LATEST TRANSACTION

  • control field: 20111205111505.0

008 - FIXED-LENGTH DATA ELEMENTS

  • fixed length control field: 111205|||a|||||| | ||| d

040 ## - CATALOGING SOURCE

  • Original cataloging agency: dpl
  • Transcribing agency: dpl

100 ## - HEADING--PERSONAL NAME

  • Personal name: Bogle, John C.

670 ## - SOURCE DATA FOUND

  • Source citation: Work cat.: (dpl): 36352 Braham, Lewis, The house that Bogle built :, 2011

670 ## - SOURCE DATA FOUND

  • Source citation: Work cat.: (dpl): 36352 Braham, Lewis, The house that Bogle built :, 2011

© Delhi Public Library
Hit Counter
free hit counter